00617nam a22001817a 450000500170000001000280001702000260004503500270007103700130009803700120011108200140012310000180013724501250015526000360028027000430031630000260035950000500038520100724154757.0 aENG-96463 B-463496-500 a9788178242613c495.00 aEN-79996 B-463496-500 bDBAD/PUB bRBC/Ven a070.50954 aStark, Ulrike aAn empire of books :bthe Naval Kishore press and the diffusion of the printed word in colonial India /cby Ulrike Stark aRanikhetbPermanent Blackc2008 aHimalayna, Mall RoadbRanikhete263645 axx, 586p.c22cm.(pbk) ainculdes bibliographical references and index